| 000 | 01025cam a2200193 a 4500 | ||
|---|---|---|---|
| 001 | 000003097 | ||
| 005 | 20250404124919.0 | ||
| 008 | 950524s1995 mx a 001 0 spa | ||
| 040 |
_aDO-SdBNP _cDLC _dDLC |
||
| 050 | 0 | 0 |
_aPQ7296.J6 _bA6 1995 |
| 082 |
_a861 _bC957d |
||
| 100 | 1 |
_aJuana Inés de la Cruz, _cSor, _d1651-1695 _99787 |
|
| 245 | 1 | 0 |
_aDe las obras de sor Juana Inés de la Cruz : _by la segunda Celestina / _cSor Juana Inés de la Cruz ; introducción, Fredo Arias de la Canal ; prólogo, Guillermo Schmidhuber de la Mora. |
| 260 |
_aMéxico, D. F. : _bFrente de Afirmación Hispanista, _c1995. |
||
| 300 |
_a2 t. : _bil. ; _c22 cm. |
||
| 500 | _aLa biblioteca sólo posee el tomo 2. | ||
| 505 | 1 | _aSegundo tomo de las obras de sor Juana Inés de la Cruz -- Loa para la comedia de La segunda Celestina / Agustín de Salazar y Torres -- La segunda Celestina / Agustín de Salazar y Torres, coautoría de Juana Inés de la Cruz -- Protesta de la fe de sor Juana Inés de la Cruz. | |
| 910 | _aCatalogación por copia / LC | ||
| 999 |
_c2928 _d2928 |
||